• 首页
  • 本馆介绍
  • 公告通知
  • 最新文献
  • 馆藏检索
  • 电子资源
  • 读者导购
  • 参考咨询
  • 我的图书馆
  • 登录
  • 详细信息显示
  • 放入我的书架
  • 预约/预借图书
  • 作者相关作品
  • 分类相关作品
  • 丛书相关作品
  • 出版社相关作品

书目信息

  • 表格格式
  • 工作单格式
  • 卡片格式
题名:
辽史纪事本末
    
 
作者: 李有棠 撰
分册: 上  
出版信息: 北京   中华书局  1983.1
页数: 392页
开本: 20cm
丛书名:
单 册:
中图分类: K246.1
科图分类:
主题词: 中国--古代史--辽代(916~1125) , 中国--古代史--西辽(1124~1218)
电子资源:
ISBN:
000 00618nam0 2200205 45
001 0312221749
005 20070801153710.89
010    @dCNY1.40
091    @a11018.1089
100    @a20031222d1983 km y0chiy0120 ea
101    @achi
200 1  @a辽史纪事本末@Aliao shi ji shi ben mo@h上@h卷一至卷一九@f(清)李有棠撰@F(qing)li you tang zhuan
210    @a北京@c中华书局@d1983.1
215    @a392页@d20cm
606 0  @a中国@x古代史@z辽代(916~1125)
606 0  @a中国@x古代史@z西辽(1124~1218)
690    @aK246.1@v3
701 0  @a李有棠@Ali you tang@4撰
801    @aCN@bTSTCL@c20070801
905    @dK246.1@e5:1@b153387@f1
    
    辽史纪事本末.上.卷一至卷一九/(清)李有棠撰.-北京:中华书局,1983.1
    392页;20cm
    
    
    ISBN :CNY1.40
    
●
相关链接 在E读中查询图书 在五车中查询图书 在当当中查询图书 在豆瓣中查询图书


正题名:辽史纪事本末     索取号:K246.1/5:1         预约/预借

序号 登录号 条形码 馆藏地/架位号 状态 备注
1 0092874   202162532   密集书库/ [索取号:K246.1/5:1] 在馆    
2 0092875   202162523   密集书库/ [索取号:K246.1/5:1] 在馆    
3 0153387   001989502   第二借阅区/ [索取号:K246.1/5:1] 在馆    
4 0153388   000643263   第二样本阅览室/ [索取号:K246.1/5:1] 在馆    
5 0153389   202162480   密集书库/ [索取号:K246.1/5:1] 在馆    
6 0791091   207910910   密集书库/ [索取号:K246.1/5:1] 在馆    
唐山师范学院图书馆 欢迎您!
大连网信软件有限公司© 版权所有